Alternativas campesinas: modernización en el agro y movimiento campesino en Centroamérica /
Gespeichert in:
| 1. Verfasser: | |
|---|---|
| Weitere Verfasser: | , |
| Format: | Unbekannt |
| Veröffentlicht: |
Managua:
Latino Editores. CRIES
|
| Schlagworte: | |
| Tags: |
Tag hinzufügen
Keine Tags, Fügen Sie den ersten Tag hinzu!
|
MARC
| LEADER | 00000 a2200000 04500 | ||
|---|---|---|---|
| 001 | 10488 | ||
| 003 | |||
| 008 | 991231s d | ||
| 040 | |||
| 090 | |a 136507 | ||
| 100 | |a Tangermann, Klaus - Dieter | ||
| 245 | |a Alternativas campesinas: modernización en el agro y movimiento campesino en Centroamérica / |c Klaus - Dieter Tangermann | ||
| 260 | |a Managua: |b Latino Editores. CRIES | ||
| 300 | |a 320 p. | ||
| 650 | |a ORGANIZACIONES CAMPESINAS | ||
| 650 | |a REFORMA AGRARIA | ||
| 650 | |a MOVIMIENTOS CAMPESINOS | ||
| 650 | |a TENENCIA DE LA TIERRA | ||
| 650 | |a CREDITO | ||
| 650 | |a POBLACION RURAL | ||
| 650 | |a ESTADO | ||
| 650 | |a INSTITUCIONES PUBLICAS | ||
| 700 | |a coord | ||
| 700 | |a Ríos Valdés, Ivana | ||
| 700 | |a coord | ||
| 999 | |c 10819 |d 10819 | ||
